Only 20 Countries on the World Map #4 - Statistics

General Stats
  • This quiz has been taken 4,101 times
  • The average score is 19 of 20
Answers on the Map
Answers color-coded by a green-red scale on the quiz's map according to % correct below.
 
Answer Stats
Country % Correct
Canada
100%
Egypt
99%
India
99%
Italy
99%
United Kingdom
99%
Cuba
98%
Portugal
98%
Madagascar
97%
Peru
97%
Paraguay
96%
Philippines
96%
Ukraine
96%
Belgium
95%
Iraq
95%
North Korea
95%
Switzerland
95%
Syria
93%
Honduras
87%
Uganda
80%
Gabon
78%
No matching quizzes found
Score Distribution
Percent of People with Each Score
Percentile by Number Answered
Your Score History
You have not taken this quiz